Hinduism and modernity / (Record no. 1848180)

MARC details
000 -LEADER
fixed length control field 00626cam a22002294a 4500
003 - CONTROL NUMBER IDENTIFIER
control field OSt
005 - DATE AND TIME OF LATEST TRANSACTION
control field 20260409151833.0
008 - FIXED-LENGTH DATA ELEMENTS--GENERAL INFORMATION
fixed length control field 020612s2003 mau b 001 0 eng
020 ## - INTERNATIONAL STANDARD BOOK NUMBER
International Standard Book Number 9780631208624
040 ## - CATALOGING SOURCE
Transcribing agency HDL
Language of cataloging ENG
082 00 - DEWEY DECIMAL CLASSIFICATION NUMBER
Classification number 294.5 P3
100 1# - MAIN ENTRY--PERSONAL NAME
Personal name Smith, David
Fuller form of name (David James),
Dates associated with a name 1944-
9 (RLIN) 1234550
245 10 - TITLE STATEMENT
Title Hinduism and modernity /
Statement of responsibility, etc. David Smith.
260 ## - PUBLICATION, DISTRIBUTION, ETC.
Place of publication, distribution, etc. Malden, MA :
Name of publisher, distributor, etc. Blackwell Pub.,
Date of publication, distribution, etc. 2003.
300 ## - PHYSICAL DESCRIPTION
Extent xi, 250 p.
440 #0 - SERIES STATEMENT/ADDED ENTRY--TITLE
Title Religion in the modern world
9 (RLIN) 1234551
630 ## - SUBJECT ADDED ENTRY--UNIFORM TITLE
Language of a work History
9 (RLIN) 1234552
650 #0 - SUBJECT ADDED ENTRY--TOPICAL TERM
Topical term or geographic name entry element Hinduism.
651 #0 - SUBJECT ADDED ENTRY--GEOGRAPHIC NAME
Geographic name India
942 ## - ADDED ENTRY ELEMENTS (KOHA)
Source of classification or shelving scheme Colon Classification (CC)
Koha item type Textual
Suppress in OPAC No
Holdings
Withdrawn status Lost status Source of classification or shelving scheme Damaged status Not for loan Home library Current library Date acquired Total Checkouts Date last seen Price effective from Koha item type
    Colon Classification (CC)     Department of History Library Department of History Library 2026-04-09   2026-04-09 2026-04-09 Textual
Copyright @ Delhi University Library System